<?xml version="1.0" encoding="UTF-8"?>
<record
    xmlns:xsi="http://www.w3.org/2001/XMLSchema-instance"
    xsi:schemaLocation="http://www.loc.gov/MARC21/slim http://www.loc.gov/standards/marcxml/schema/MARC21slim.xsd"
    xmlns="http://www.loc.gov/MARC21/slim">

  <leader>00848nam a22002297a 4500</leader>
  <controlfield tag="001">47982</controlfield>
  <controlfield tag="003">BD-RjUL</controlfield>
  <controlfield tag="005">20211209054433.0</controlfield>
  <controlfield tag="008">160811s1986    ii ||||| |||| 00| 0 ben d</controlfield>
  <datafield tag="020" ind1=" " ind2=" ">
    <subfield code="c"> : TK 25.00</subfield>
  </datafield>
  <datafield tag="035" ind1=" " ind2=" ">
    <subfield code="a">(BD-RjUL)48101</subfield>
  </datafield>
  <datafield tag="040" ind1=" " ind2=" ">
    <subfield code="a">BD-RjUL</subfield>
    <subfield code="b">ben</subfield>
    <subfield code="c">BD-RjUL</subfield>
  </datafield>
  <datafield tag="041" ind1=" " ind2=" ">
    <subfield code="a">ben</subfield>
  </datafield>
  <datafield tag="082" ind1=" " ind2=" ">
    <subfield code="2">23</subfield>
    <subfield code="a">891.4409</subfield>
    <subfield code="b">ROB 1986</subfield>
  </datafield>
  <datafield tag="100" ind1="1" ind2=" ">
    <subfield code="a">&#x9B0;&#x9BE;&#x9AF;&#x9BC;, &#x99C;&#x9C0;&#x9AC;&#x9C7;&#x9A8;&#x9CD;&#x9A6;&#x9CD;&#x9B0; &#x9B8;&#x9BF;&#x982;&#x9B9;</subfield>
    <subfield code="9">117375</subfield>
  </datafield>
  <datafield tag="245" ind1=" " ind2=" ">
    <subfield code="a">&#x9AC;&#x999;&#x9CD;&#x997;-&#x9AD;&#x9BE;&#x9B0;&#x9A4;&#x9C0;&#x9B0; &#x99D;&#x9BE;&#x981;&#x9AA;&#x9BF; /</subfield>
  </datafield>
  <datafield tag="260" ind1=" " ind2=" ">
    <subfield code="a">&#x995;&#x9B2;&#x9BF;&#x995;&#x9BE;&#x9A4;&#x9BE; :</subfield>
    <subfield code="b">&#x9A8;&#x9C7;&#x9AA;&#x9BE;&#x9B2;&#x99A;&#x9A8;&#x9CD;&#x9A6;&#x9CD;&#x9B0; &#x998;&#x9CB;&#x9B7;,</subfield>
    <subfield code="c">&#x9E7;&#x9EF;&#x9EE;&#x9EC;</subfield>
  </datafield>
  <datafield tag="300" ind1=" " ind2=" ">
    <subfield code="a">[&#x99A;&#x9BE;&#x9B0;], &#x9E7;&#x9EC;&#x9EB; &#x9AA;&#x9C3; ;</subfield>
    <subfield code="c">&#x9E8;&#x9E8; &#x9B8;&#x9C7;&#x9AE;&#x9BF;</subfield>
  </datafield>
  <datafield tag="650" ind1=" " ind2=" ">
    <subfield code="a">&#x9AC;&#x9BE;&#x982;&#x9B2;&#x9BE; &#x9B8;&#x9BE;&#x9B9;&#x9BF;&#x9A4;&#x9CD;&#x9AF;-- &#x987;&#x9A4;&#x9BF;&#x9B9;&#x9BE;&#x9B8; &#x993; &#x9B8;&#x9AE;&#x9BE;&#x9B2;&#x9CB;&#x99A;&#x9A8;&#x9BE;</subfield>
    <subfield code="9">120621</subfield>
  </datafield>
  <datafield tag="650" ind1=" " ind2=" ">
    <subfield code="a">Bengali Literature-- history and criticism</subfield>
    <subfield code="9">120622</subfield>
  </datafield>
  <datafield tag="942" ind1=" " ind2=" ">
    <subfield code="2">ddc</subfield>
    <subfield code="c">BK</subfield>
  </datafield>
  <datafield tag="999" ind1=" " ind2=" ">
    <subfield code="c">47982</subfield>
    <subfield code="d">47982</subfield>
  </datafield>
  <datafield tag="952" ind1=" " ind2=" ">
    <subfield code="0">0</subfield>
    <subfield code="1">0</subfield>
    <subfield code="2">ddc</subfield>
    <subfield code="4">0</subfield>
    <subfield code="7">0</subfield>
    <subfield code="8">NFIC</subfield>
    <subfield code="a">RUCL</subfield>
    <subfield code="b">RUCL</subfield>
    <subfield code="c">Stack</subfield>
    <subfield code="d">2007-05-23</subfield>
    <subfield code="e">&#x9A2;&#x9BE;&#x995;&#x9BE;, &#x9AA;&#x9CD;&#x9AF;&#x9BE;&#x9B0;&#x9BE;&#x997;&#x9A8; &#x987;&#x9A8;&#x9CD;&#x99F;&#x9BE;&#x9B0;&#x9AA;&#x9CD;&#x9B0;&#x9BE;&#x987;&#x99C; &#x9B2;&#x9BF;&#x983;</subfield>
    <subfield code="g">25.00</subfield>
    <subfield code="l">0</subfield>
    <subfield code="o">B 891.4409 ROB 1986</subfield>
    <subfield code="r">2016-08-11 00:00:00</subfield>
    <subfield code="t">C-2</subfield>
    <subfield code="w">2016-08-11</subfield>
    <subfield code="y">BK</subfield>
  </datafield>
  <datafield tag="952" ind1=" " ind2=" ">
    <subfield code="0">0</subfield>
    <subfield code="1">0</subfield>
    <subfield code="2">ddc</subfield>
    <subfield code="4">0</subfield>
    <subfield code="7">0</subfield>
    <subfield code="8">NFIC</subfield>
    <subfield code="a">RUCL</subfield>
    <subfield code="b">RUCL</subfield>
    <subfield code="c">Stack</subfield>
    <subfield code="d">2007-05-23</subfield>
    <subfield code="e">Paragon Enterprises Dhaka</subfield>
    <subfield code="g">25.00</subfield>
    <subfield code="l">0</subfield>
    <subfield code="o">B 891.4409 ROB 1986</subfield>
    <subfield code="r">2016-08-14 00:00:00</subfield>
    <subfield code="t">C-3</subfield>
    <subfield code="w">2016-08-14</subfield>
    <subfield code="y">BK</subfield>
  </datafield>
</record>
